000 00251nam a22001097a 4500
020 _a9780545767514
082 _aK800
100 _aCHADDA, SARWAT
245 _aMISSION ATOMIC - THE 39 CLUES SERIES - DOUBLECROSS - BOOK 4
300 _a253P
942 _cBK
999 _c8311
_d8311